| 000 | 00545nam a2200169 a 4500 | ||
|---|---|---|---|
| 001 | 000044189 | ||
| 005 | 20201002045214.0 | ||
| 008 | 140605s2004 dr 000 0 spa d | ||
| 020 | _a9945405004 | ||
| 040 |
_aDO-SdBNP _bspa _cBNPHU |
||
| 082 |
_axxxxxxx _bxxxxxxx |
||
| 100 | 1 |
_aSánchez, Frank, _d1962- _972193 |
|
| 245 | 1 | 0 |
_aOperación cotoy / _cFrank Sánchez , prólogo Mélida García. |
| 260 |
_aSanto Domingo : _bManatí, _c2004. |
||
| 300 |
_a191 p. ; _c23 cm. |
||
| 500 | _aIncluye datos biográficos del autor en la solapa de la cubierta | ||
| 999 |
_c43678 _d43678 |
||